Champions League Winners -Dudden Death - Statistics

General Stats
  • This quiz has been taken 56 times
  • The average score is 12 of 23
Answers on the Grid
Answers color-coded by a green-red scale on the quiz's grid according to % correct below.
Real Madrid
Benfica
Atletico Madrid
Arsenal
Liverpool
Marseille
Santos
Chelsea
PSV
Sporting CP
Paris Saint-Germain
Manchester City
Inter Milan
Juventus
Hamburger SV
Borussia Dortmund
Napoli
Manchester United
A.C Milan
Porto
AEK Athens
Aston Villa
Barcelona
AS Roma
Atalanta
FCSB
Red Star Belgrade
Ajax
Bayer Leverkusen
Feyenoord
Valencia
Tottenham Hotspur
Nottingham Forest
Lyon
Bayern Munich
Celtic
 
Answer Stats
Answer % Correct
Real Madrid
100%
Liverpool
89%
Benfica
71%
Chelsea
63%
Manchester City
60%
Manchester United
60%
Marseille
60%
Nottingham Forest
57%
PSV
57%
Inter Milan
54%
Juventus
54%
A.C Milan
51%
Bayern Munich
51%
Ajax
49%
Porto
49%
Aston Villa
46%
Barcelona
46%
Red Star Belgrade
46%
Borussia Dortmund
43%
Celtic
43%
Hamburger SV
37%
Feyenoord
34%
FCSB
26%
No matching quizzes found
Score Distribution
Percent of People with Each Score
Percentile by Number Answered
Your Score History
You have not taken this quiz